Pokémon - Fighting Type Moves - Sudden Death - Statistics

General Stats
  • This quiz has been taken 45 times
  • The average score is 12 of 24
Answers on the Grid
Answers color-coded by a green-red scale on the quiz's grid according to % correct below.
Body Slam
Mega Kick
Seismic Toss
Crabhammer
Low Kick
High Jump Kick
Bulldoze
Work Up
Reversal
Counter
Double Chop
Mach Punch
Smart Strike
Extreme Speed
Dynamic Punch
Detect
Triple Kick
Swords Dance
Slam
Rock Smash
Throat Chop
Superpower
Vacuum Wave
Double Kick
Brick Break
Uproar
Arm Thrust
Feint
False Surrender
Flying Press
Final Gambit
Hammer Arm
Smack Down
Meteor Assault
Payback
Sacred Sword
Coaching
Bulk Up
Focus Punch
Cross Chop
 
Answer Stats
Answer % Correct
Fighting Seismic Toss
93%
Fighting High Jump Kick
66%
Fighting Mach Punch
62%
Fighting Counter
59%
Fighting Low Kick
59%
Fighting Bulk Up
55%
Fighting Dynamic Punch
55%
Fighting Reversal
55%
Fighting Brick Break
52%
Fighting Sacred Sword
52%
Fighting Detect
48%
Fighting Double Kick
48%
Fighting Focus Punch
48%
Fighting Rock Smash
48%
Fighting Cross Chop
45%
Fighting Flying Press
45%
Fighting Triple Kick
45%
Fighting Arm Thrust
41%
Fighting Vacuum Wave
41%
Fighting Coaching
38%
Fighting Hammer Arm
38%
Fighting Superpower
38%
Fighting Final Gambit
28%
Fighting Meteor Assault
28%
No matching quizzes found
Score Distribution
Percent of People with Each Score
Percentile by Number Answered
Your Score History
You have not taken this quiz